Szczegóły MARC21

KAIZEN : Der Schlüssel zum Erfolg der Japaner im Wettbewerb /

005 -DATA I CZAS OSTATNIEJ MODYFIKACJI [,]
    • @
    • pole kontrolne
    • 20070315155141.9
020 -Międzynarod. znormalizowany nr książki - ISBN [ , ]
    • a
    • Numer ISBN
    • 3548353320 Find
040 -Instytucja sporządzająca opis [ , ]
    • a
    • Instytucja, która sporządziła opis (NP)
    • SZCZ U
    • c
    • Instytucja, która sporządziła rekord (NP)
    • SZCZ U
041 -Język dokumentu [1, ]
    • a
    • Język tekstu (P)
    • niemiecki
    • h
    • Język tekstu oryginalnego i/lub pośredniego (P)
    • angielski
942 -Rodzaj dokumentu [ , ]
    • c
    • Rodzaj dokumentu
    • Książka
100 -Hasło główne - nazwa osobowa [ , ]
    • a
    • Nazwa osobowa (NP)
    • IMAI, MASAAKI
245 -Strefa tytułu i oznaczenia odpowiedzialności [1, ]
    • a
    • Tytuł
    • KAIZEN : Find
    • b
    • Ciąg dalszy tytułu (NP)
    • Der Schlüssel zum Erfolg der Japaner im Wettbewerb / Find
    • c
    • Pozostałe elementy strefy tytułu i oznaczenia odpowiedzialności (NP)
    • Masaaki Imai.
250 -Strefa wydania [ , ]
    • a
    • Oznaczenie wydania (NP)
    • [5.,Aufl.].
260 -Strefa adresu wydawniczego [ , ]
    • a
    • Miejsce wydania (P)
    • Berlin :
    • b
    • Nazwa wydawcy (P)
    • Ullstein,
    • c
    • Data wydania (P)
    • 1994.
300 -Strefa opisu fizycznego [ , ]
    • a
    • Określenie formy książki i/lub objętość (NP)
    • 312 s. :
    • b
    • Oznaczenie ilustracji (NP)
    • il. :
    • c
    • Format (NP)
    • 19 cm.
490 -Strefa serii i książki wielotomowej - forma nie do wyszukiwania [0, ]
    • a
    • Tytuł (P)
    • (Ullstein Buch ; . Ullstein Sach-buch Find
    • v
    • Numeracja (P)
    • nr 35332)
500 -Uwaga ogólna [ , ]
    • a
    • Uwaga ogólna (NP)
    • Tł. z jęz.ang. - Ind
080 -Uniwersalna Klasyfikacja Dziesiętna [ , ]
    • a
    • Symbol klasyfikacji
    • 65.01(520)"195/199"=30
980 -Symbol UKD [ , ]
    • a
    • UKD
    • 65.01(520)"195/199"=30
920 -ISBN [ , ]
    • a
    • ISBN
    • 3-548-35332-0 Find
Numer inwentarzowy Sygnatura Status udost. Lokalizacja Data inwentaryzacji
S.87426FUNDACJA POLSKO-NIEMIECKA-2BE2000-12-28